The judicial committee of the Privy Council, 1833-1876, its origins, structure, and development (Record no. 55085)

MARC details
000 -LEADER
fixed length control field 00623nam a2200193Ia 4500
008 - FIXED-LENGTH DATA ELEMENTS--GENERAL INFORMATION
fixed length control field 191130s2008##################000#0#eng##
020 ## - INTERNATIONAL STANDARD BOOK NUMBER
ISBN 9780521085595
082 ## - DEWEY DECIMAL CLASSIFICATION NUMBER
Classification number 347.4201 HOW
100 ## - MAIN ENTRY--AUTHOR NAME
Personal name Howell, P A
245 ## - TITLE STATEMENT
Title The judicial committee of the Privy Council, 1833-1876, its origins, structure, and development
Statement of responsibility, etc P.A. Howell
260 ## - PUBLICATION, DISTRIBUTION, ETC. (IMPRINT)
Place of publication Cambridge
Name of publisher Cambridge University Press
Year of publication 2008
300 ## - PHYSICAL DESCRIPTION
Number of Pages xiv, 262 p
500 ## - GENERAL NOTE
General note Includes index
650 ## - SUBJECT ADDED ENTRY--TOPICAL TERM
Topical Term Great Britain. Privy Council. Judicial Committee
991 ## -
-- 304578
Holdings
Withdrawn status Lost status Damaged status Not for loan Home library Current library Shelving location Date acquired Full call number Accession Number Price effective from Koha item type
        Anna Centenary Library Anna Centenary Library 4TH FLOOR, A WING 09.10.2020 347.4201 HOW 198057 09.10.2020 English Books

Find us on the map